|
|
|
|
| LEADER |
00000nam0a2200000 4500 |
| 001 |
273507 |
| 005 |
20231101234633.0 |
| 035 |
|
|
|a (RuTPU)RU\TPU\book\296716
|
| 090 |
|
|
|a 273507
|
| 100 |
|
|
|a 20141027d1961 k y0rusy50 ca
|
| 101 |
0 |
|
|a rus
|
| 102 |
|
|
|a RU
|
| 105 |
|
|
|a a z 001zy
|
| 200 |
1 |
|
|a Проблемы радиогеологии
|f Г. В. Войткевич
|
| 210 |
|
|
|a Москва
|c Госгеолтехиздат
|d 1961
|
| 215 |
|
|
|a 352 с.
|c ил.
|
| 320 |
|
|
|a Библиогр.: с. 317-349.
|
| 606 |
1 |
|
|a Радиогеология
|x (геофизика)
|2 stltpush
|3 (RuTPU)RU\TPU\subj\22643
|9 47367
|
| 610 |
1 |
|
|a атомные ядра
|
| 610 |
1 |
|
|a радиоактивность
|
| 610 |
1 |
|
|a учение
|
| 610 |
1 |
|
|a альфа-распад
|
| 610 |
1 |
|
|a гамма-лучи
|
| 610 |
1 |
|
|a бета-распад
|
| 610 |
1 |
|
|a Земля
|
| 610 |
1 |
|
|a космические тела
|
| 610 |
1 |
|
|a геологическое время
|
| 610 |
1 |
|
|a свинец
|
| 610 |
1 |
|
|a изотопы
|
| 610 |
1 |
|
|a метеориты
|
| 610 |
1 |
|
|a возраст
|
| 610 |
1 |
|
|a летоисчисление
|
| 610 |
1 |
|
|a геологические процессы
|
| 610 |
1 |
|
|a ядерные процессы
|
| 675 |
|
|
|a 550.35
|v 3
|
| 700 |
|
1 |
|a Войткевич
|b Г. В.
|g Георгий Витольдович
|
| 702 |
|
1 |
|a Комлев
|b Л. В.
|4 340
|
| 801 |
|
1 |
|a RU
|b 63413507
|c 20141027
|
| 801 |
|
2 |
|a RU
|b 63413507
|c 20141029
|g RCR
|
| 942 |
|
|
|c BK
|